000 00629nam a2200205 a 4500
005 20240912063825.0
008 080418s2001 mx r 000 0 spa d
020 _a9681664248
035 _aUPN01000155530
049 _aI
050 4 _aPZ71
_bL4.9
100 1 _aLegnazzi Lameiro, Claudia,
_d1956-
_939606
245 1 0 _aYo tengo una casa /
_cClaudia Legnazzi.
260 _aMéxico :
_bFCE,
_c2001.
300 _a[30] p. :
_bprincipalmente il. col.
440 4 _aLos especiales de A la orilla del viento
650 4 _aCuentos infantiles argentinos
_97466
650 4 _aLibros y lectura para niños
_92290
905 _aInfantil
999 _c127645
_d127645